Programming for Problem Solving (Record no. 10553)

MARC details
000 -LEADER
fixed length control field 00361nam a22001577a 4500
003 - CONTROL NUMBER IDENTIFIER
control field OSt
008 - FIXED-LENGTH DATA ELEMENTS--GENERAL INFORMATION
fixed length control field 210318b ||||| |||| 00| 0 eng d
020 ## - INTERNATIONAL STANDARD BOOK NUMBER
International Standard Book Number 9789350146736
100 ## - MAIN ENTRY--PERSONAL NAME
Personal name ANANDAMURUGAN,S
245 ## - TITLE STATEMENT
Title Programming for Problem Solving
250 ## - EDITION STATEMENT
Edition statement 1st
260 ## - PUBLICATION, DISTRIBUTION, ETC. (IMPRINT)
Place of publication, distribution, etc New Delhi
Name of publisher, distributor, etc Katson
Date of publication, distribution, etc 2018
300 ## - PHYSICAL DESCRIPTION
Extent 448
650 ## - SUBJECT ADDED ENTRY--TOPICAL TERM
Topical term or geographic name as entry element BCS
942 ## - ADDED ENTRY ELEMENTS (KOHA)
Source of classification or shelving scheme Dewey Decimal Classification
Koha item type Text Books
942 ## - ADDED ENTRY ELEMENTS (KOHA)
-- 2
Holdings
Withdrawn status Lost status Source of classification or shelving scheme Damaged status Not for loan Collection code Home library Current library Date acquired Source of acquisition Bill Number Total Checkouts Full call number Acc. no. / Barcode Date last seen Date last borrowed Bill Date Koha item type Public note Currency Cost, normal purchase price Actual Cost, discounted price
    Dewey Decimal Classification     B.Tech(CSE) PIET C-LIBRARY PIET C-LIBRARY 18/03/2021 Donated by Management Donated by Management 8 005.133 ANP 32637 15/01/2025 03/01/2025 18/03/2021 Text Books Donated by Management      
    Dewey Decimal Classification     B.Tech(CSE) PIET C-LIBRARY PIET C-LIBRARY 08/02/2024 Zafaa Books and Distributors ZBD0369   005.133 ANP 35459 21/02/2024   08/02/2024 Reference Books   In rupees 550.00 398.75
    Dewey Decimal Classification     B.Tech(CSE) PIET C-LIBRARY PIET C-LIBRARY 08/02/2024 Zafaa Books and Distributors ZBD0369 9 005.133 ANP 35460 09/04/2025 26/03/2025 08/02/2024 Text Books   In rupees 550.00 398.75
    Dewey Decimal Classification     B.Tech(CSE) PIET C-LIBRARY PIET C-LIBRARY 08/02/2024 Zafaa Books and Distributors ZBD0369 8 005.133 ANP 35461 24/04/2025 14/04/2025 08/02/2024 Text Books   In rupees 550.00 398.75
    Dewey Decimal Classification     B.Tech(CSE) PIET C-LIBRARY PIET C-LIBRARY 08/02/2024 Zafaa Books and Distributors ZBD0369 8 005.133 ANP 35462 28/04/2025 14/04/2025 08/02/2024 Text Books   In rupees 550.00 398.75
    Dewey Decimal Classification     B.Tech(CSE) PIET C-LIBRARY PIET C-LIBRARY 08/02/2024 Zafaa Books and Distributors ZBD0369 8 005.133 ANP 35463 09/04/2025 26/03/2025 08/02/2024 Text Books   In rupees 550.00 398.75

Design & Developed by: PIET Central Library
R70 Miles Stone Pattikalyana Samalkha Panipat 132102
mail ID :- [email protected], Phone No:- 0180-2569700 Ex.216